01169cam a22002895a 4500001001000000003000400010005001700014008004100031020001800072040003600090082002000126100003400146245017300180260003100353300003300384490006500417504005100482650004400533650004500577650002300622651001000645653002500655700003300680942000800713999001700721952014100738017587536OSt20161206112109.0150929t2016 gw a frb 001 0 eng d a9783319208213 aStDuBDSbengcStDuBDSdEG-ScBUE04a006.22222bMOU1 aMoutinho, Filipe de Carvalho.10aDistributed embedded controller development with Petri nets :bapplication to globally-asynchronous locally-synchronous systems /cFilipe Moutinho, Luís Filipe Gomes. aCham :bSpringer,cc.2016. axii, 79 p. :bill. ;c24 cm.0 aSpringerBriefs in electrical and computer engineering ;v150 aIncludes bibliographical references and index. 7aProgrammable controllers.2BUEsh919072 7aEmbedded computer systems.2BUEsh923377 7aPetri nets.2BUEsh 2BUEsh bCOMSCIcDecember20161 aSantos Gomes, Luís Filipe. 2ddc c23467d23439 00102ddc40708BaccahaMAINbMAINcLOWd2016-12-06ePurchaseg575.00h25137l0o006.22 MOUp000040229r2025-07-15 00:00:00v718.75yBB